Taking account of the fourth dimension in boundary disputes (Record no. 76377)

MARC details
000 -LEADER
fixed length control field 01164cab a2200229 4500
001 - CONTROL NUMBER
control field ##L132255
008 - FIXED-LENGTH DATA ELEMENTS--GENERAL INFORMATION
fixed length control field 060123n2006 000 0 eng u
035 ## - SYSTEM CONTROL NUMBER
System control number (Sirsi) u132255
041 0# - LANGUAGE CODE
Language code of text/sound track or separate title eng
100 1# - MAIN ENTRY--PERSONAL NAME
Personal name Pain, Andrew T
245 00 - TITLE STATEMENT
Title Taking account of the fourth dimension in boundary disputes
260 ## - PUBLICATION, DISTRIBUTION, ETC.
Date of publication, distribution, etc. 2006
490 #0 - SERIES STATEMENT
Series statement Geomatics World
Volume/sequential designation 14(2) January/February 2006, 28-31(4)
520 ## - SUMMARY, ETC.
Summary, etc. Examines the fourth dimension of boundary disputes: the interface between the professional (be it lawyer or surveyor) and the layman, the owner or owners of the boundary in question. Outlines a range of boundary disputes issues from the different perspectives of professional and layman with supporting case law: the plan as part of a deed, the plan as part of experience, the plan and making sense of what it shows and the plan and the Land Registry.
590 ## - LOCAL NOTE (RLIN)
Local note IKA310106
650 24 - SUBJECT ADDED ENTRY--TOPICAL TERM
Topical term or geographic name entry element LAND REGISTRATION ACT 2002 S 60
650 24 - SUBJECT ADDED ENTRY--TOPICAL TERM
Topical term or geographic name entry element LAND REGISTRATION RULES 1925 RULE 278
650 24 - SUBJECT ADDED ENTRY--TOPICAL TERM
Topical term or geographic name entry element LAND REGISTRATION ACT 2002
650 24 - SUBJECT ADDED ENTRY--TOPICAL TERM
Topical term or geographic name entry element LAND REGISTRATION ACT 2002 S73
690 ## - LOCAL SUBJECT ADDED ENTRY--TOPICAL TERM (OCLC, RLIN)
Topical term or geographic name as entry element PROPERTY-PROPERTY MANAGEMENT-BOUNDARY DETERMINATION-BOUNDARIES
942 ## - ADDED ENTRY ELEMENTS (KOHA)
Suppress in OPAC 0
Holdings
Withdrawn status Lost status Source of classification or shelving scheme Damaged status Not for loan Home library Current library Shelving location Date acquired Total Checkouts Full call number Barcode Date last seen Copy number Price effective from Koha item type
    Dewey Decimal Classification     London London Journal article 23/01/2006   L132255 132255-1001 06/08/2019 1 06/08/2019 Journal article